| 000 | 00379cam a22001097a 4500 | ||
|---|---|---|---|
| 008 | 180718b1977 xxu||||| |||| 00| 0 eng d | ||
| 082 | _aK235x5452 T152m/1976 | ||
| 245 |
_aTamil Nadu manual of special pay and allowances _cby Finance Department, Tamil Nadu |
||
| 260 |
_a _bThe Director of Stationery and Printing _c1977 |
||
| 300 | _a472+p. | ||
| 700 | _aTamil Nadu. Finance Department | ||
| 999 |
_c499871 _d499871 |
||